000 01078nam a22003017a 4500
001 0000799
003 KOHA_MİRAKIL
005 20260207001220.0
007 ta
008 081212b1999 tu |||gr||||#||||0|tur |
020 _cYTL18,690000000000001
040 _aTR-BiSEU
_btur
_cTR-BiSEU
_erda
041 0 _atur
044 _ctu
050 _aTJ755
_b.G76 1999
100 1 _aGrohe, Heinz.
245 1 _aOtto ve dizel motorları :
_biki ve dört zamanlı termik motorların çalışma prensipleri, konstrüksiyon ve hesaplamaları /
_cHeinz Grohe ; Heinz Grohe; çeviren Battal Kuşhan.
250 _a8. bs.
264 1 _aİstanbul :
_bBilim Teknik Yayınları
_c1999
300 _a271 sayfa
336 _ametin
_btxt
_2rdacontent
337 _aaracısız
_bn
_2rdamedia
338 _acilt
_bnc
_2rdacarrier
650 0 _aDört zamanlı çevrimli motorlar--Tasarım ve konstrüksiyon.
_93328
650 0 _aİçten yanmalı motorlar--Tasarım ve konstrüksiyon.
_93329
650 0 _aİki zamanlı çevrimli motorlar--Tasarım ve konstrüksiyon.
_93330
942 _2lcc
_cBK
999 _c795
_d795